effect of tryptophan suplementation in concentrate feed on growth performance of quails ឥទ្ធិពលនៃការបន្ថែម TRYPTOPHAN ក្នុងចំណីសម្រេចទៅលើការលូតលាស់របស់ក្រួច (Record no. 18276)
[ view plain ]
| 000 -LEADER | |
|---|---|
| fixed length control field | 00667nam a22001577a 4500 |
| 003 - CONTROL NUMBER IDENTIFIER | |
| control field | LRUA |
| 005 - DATE AND TIME OF LATEST TRANSACTION | |
| control field | 20191004135452.0 |
| 008 - FIXED-LENGTH DATA ELEMENTS--GENERAL INFORMATION | |
| fixed length control field | 191004b xxu||||| |||| 00| 0 eng d |
| 040 ## - CATALOGING SOURCE | |
| Transcribing agency | RUA |
| 082 ## - DEWEY DECIMAL CLASSIFICATION NUMBER | |
| Classification number | ANS SOU 2018 B648 Or.1 |
| 100 ## - MAIN ENTRY--PERSONAL NAME | |
| 9 (RLIN) | 13947 |
| Personal name | SOUR HUYLANG សួ ហ៊ុយឡាំង |
| 245 ## - TITLE STATEMENT | |
| Title | effect of tryptophan suplementation in concentrate feed on growth performance of quails ឥទ្ធិពលនៃការបន្ថែម TRYPTOPHAN ក្នុងចំណីសម្រេចទៅលើការលូតលាស់របស់ក្រួច |
| 260 ## - PUBLICATION, DISTRIBUTION, ETC. (IMPRINT) | |
| Place of publication, distribution, etc. | RUA |
| Name of publisher, distributor, etc. | PHNOM PENH |
| Date of publication, distribution, etc. | 2018 |
| 300 ## - PHYSICAL DESCRIPTION | |
| Extent | ix;39p |
| Other physical details | ill; |
| Dimensions | 29cm |
| 942 ## - ADDED ENTRY ELEMENTS (KOHA) | |
| Source of classification or shelving scheme | |
| Koha item type | ANS |
| Price effective from | Date last seen | Permanent Location | Not for loan | Date acquired | Source of classification or shelving scheme | Koha item type | Barcode | Lost status | Damaged status | Shelving location | Withdrawn status | Current Location | Full call number |
|---|---|---|---|---|---|---|---|---|---|---|---|---|---|
| 2019-10-04 | 2019-10-04 | Library Block B | 2019-10-04 | ANS | A43502 | B648 | Library Block B | ANS SOU 2018 B648 Or.1 | |||||
| 2019-10-04 | 2019-10-04 | Library Block B | 2019-10-04 | ANS | A44641 | B648 | Library Block B | ANS SOU 2018 B648 Or.2 | |||||
| 2019-10-04 | 2019-10-04 | Library Block B | 2019-10-04 | ANS | A42461 | B648 | Library Block B | ANS SOU 2018 B648 Or.3 | |||||
| 2019-10-04 | 2019-10-04 | Library Block B | 2019-10-04 | ANS | A43474 | B648 | Library Block B | ANS SOU 2018 B648 Or.4 | |||||
| 2019-10-04 | 2019-10-04 | Library Block B | 2019-10-04 | ANS | A43577 | B648 | Library Block B | ANS SOU 2018 B648 Or.5 | |||||
| 2019-10-04 | 2019-10-04 | Library Block B | 2019-10-04 | ANS | A42260 | B648 | Library Block B | ANS SOU 2018 B648 Or.6 |